00824nam a2200277Ia 4500008004100000020001800041050001400059100002300073245003100096245006000127260002500187260001600212260000900228300001400237300002800251300001000279500000900289650002300298650002100321650001300342650002700355700002200382700001100404999001900415952011200434190123s9999 xx 000 0 und d a9780439750493 bH797 2002 aHopkinson, Deborah 0aUnder the quilt of night / 0cby Deborah Hopkinson ; illustrated by James E. Ransome. aNew York, New York : bScholastic, c2002 aunpaged : bcolored illustrations ; c28cm. a580L aAfrican Americans. aFugitive slaves. aSlavery. aUndergroiund railroad. aRansome, James E. aTitle. c361034d361034 001040aSSISMbSSISMcSSISMd2019-01-23l0oLEX H797 2002pSSISM6191r2019-01-23 00:00:00w2019-01-23yLEX